000 00427nam a2200157Ia 4500
005 20250307031246.0
008 240331s9999 xx 000 0 und d
082 _bVEE
_21557
_a894.811
100 _aVeerasamy, D. V
245 0 _aTamilil Samooga Novelgal
250 _a2nd Edition
260 _aMadras,
_bTamil Puthakalayam
_c1987
300 _a200 p.,
500 _aA study on the trends of social novels in Tamil
942 _cL
999 _c4230
_d4230